| 000 | 03770nam a22004217a 4500 | ||
|---|---|---|---|
| 005 | 20110107161145.0 | ||
| 010 | _aB-419564-581 | ||
| 020 |
_a9788131707494 _c350.00 |
||
| 035 | _aB-419564-581 | ||
| 037 | _bUBH | ||
| 082 | _a005.1 | ||
| 100 |
_aVarma, Vasudeva _925259 |
||
| 245 |
_aSoftware architecture: _cby Vasudeva Varma _ba case based approach / |
||
| 260 |
_aDelhi _bPearson Educations _c2009 |
||
| 270 |
_a482 FIF, Patparganj _bDelhi _e110092 |
||
| 300 |
_axvii, 262p. _c26cm(pbk) |
||
| 500 | _aIncludes references and index | ||
| 942 |
_2ddc _cEN _mVAR _h005.1 |
||
| 999 |
_c35789 _d35789 |
||